Virágzik az indiai lótusz a szegedi füvészkertben
Elmentve itt :
| Dokumentumtípus: | Cikk |
|---|---|
| Megjelent: |
2016-08-04
|
| Sorozat: | Délmagyarország
|
| Kulcsszavak: | Füvészkert, Lótusznapok, 9. |
| Online Access: | http://univ.bibl.u-szeged.hu/45926 |
| LEADER | 00556nab a2200157 i 4500 | ||
|---|---|---|---|
| 001 | univ45926 | ||
| 005 | 20180406104711.0 | ||
| 008 | 171214s2016 hu o 0|| zxx d | ||
| 040 | |a SZTE UnivHistória Repozitórium |b hun | ||
| 041 | |a zxx | ||
| 245 | 0 | 0 | |a Virágzik az indiai lótusz a szegedi füvészkertben |h [elektronikus dokumentum] |
| 260 | |c 2016-08-04 | ||
| 490 | 0 | |a Délmagyarország | |
| 561 | |a Egyetemi hirarchívum | ||
| 695 | |a Füvészkert, Lótusznapok, 9. | ||
| 856 | 4 | 0 | |u http://univ.bibl.u-szeged.hu/45926/1/delmagyar_2016_08_04_viragzik.pdf |z Dokumentum-elérés |